সৌরজগৎ : (Record no. 44656)
[ view plain ]
| 000 -LEADER | |
|---|---|
| fixed length control field | 00884nam a2200229 a 4500 |
| 001 - CONTROL NUMBER | |
| control field | 44656 |
| 003 - CONTROL NUMBER IDENTIFIER | |
| rucl marc code | BD-RjUL |
| 005 - DATE AND TIME OF LATEST TRANSACTION | |
| control field | 20211209053909.0 |
| 008 - FIXED-LENGTH DATA ELEMENTS--GENERAL INFORMATION | |
| fixed length control field | 160718s2016 bg ||||| |||| 00| 0 ben d |
| 020 ## - INTERNATIONAL STANDARD BOOK NUMBER | |
| International Standard Book Number | 9789849193777 |
| Terms of availability | : Tk. 200.00 |
| 035 ## - SYSTEM CONTROL NUMBER | |
| System control number | (BD-RjUL)44774 |
| 040 ## - CATALOGING SOURCE | |
| Original cataloging agency | BD-RjUL |
| Language of cataloging | ben |
| Transcribing agency | BD-RjUL |
| Modifying agency | BD-RjUL |
| 041 ## - LANGUAGE CODE | |
| Language code of text/sound track or separate title | ben |
| 082 ## - DEWEY DECIMAL CLASSIFICATION NUMBER | |
| Edition number | 23 |
| Classification number | 523.2 |
| Author mark and year | BHS 2016 |
| 100 ## - MAIN ENTRY--PERSONAL NAME | |
| Personal name | ভট্টাচার্য, শিশিরকুমার |
| 9 (RLIN) | 121780 |
| 245 ## - TITLE STATEMENT | |
| Title | সৌরজগৎ : |
| Remainder of title | সৃষ্টি ও নানা প্রসঙ্গ / |
| Statement of responsibility, etc. | শিশিরকুমার ভট্টাচার্য |
| 260 ## - PUBLICATION, DISTRIBUTION, ETC. (IMPRINT) | |
| Place of publication, distribution, etc. | ঢাকা : |
| Name of publisher, distributor, etc. | বিশ্বসাহিত্য ভবন, |
| Date of publication, distribution, etc. | ২০১৬ |
| 300 ## - PHYSICAL DESCRIPTION | |
| Pagination | ১০৭, [১] পৃ. : |
| Illustrations | চিত্র ; |
| Size | ২২ সেমি. |
| 650 ## - SUBJECT ADDED ENTRY--TOPICAL TERM | |
| Topical term or geographic name as entry element | সৌরজগত |
| 9 (RLIN) | 136976 |
| Topical term or geographic name as entry element | Solar System |
| 9 (RLIN) | 136977 |
| 942 ## - ADDED ENTRY ELEMENTS (KOHA) | |
| Source of classification or shelving scheme | Dewey Decimal Classification |
| Koha item type | Books |
| Lost status | Source of classification or shelving scheme | Damaged status | Not for loan | Collection code | Permanent Location | Current Location | Shelving location | Date acquired | Source of acquisition | Cost, normal purchase price | Total Checkouts | Full call number | Date last seen | Copy number | Koha item type |
|---|---|---|---|---|---|---|---|---|---|---|---|---|---|---|---|
| Dewey Decimal Classification | Not For Loan | Non-fiction | Central Library, University of Rajshahi | Central Library, University of Rajshahi | Reading Room | 04/06/2016 | Author, Mathematics Dept., R.U. | 200.00 | B 523.2 BHS 2016 | 19/07/2016 | C-1 | Books | |||
| Dewey Decimal Classification | Non-fiction | Central Library, University of Rajshahi | Central Library, University of Rajshahi | 04/06/2016 | Author, Mathematics Dept., R.U. | 200.00 | B 523.2 BHS 2016 | 19/07/2016 | C-2 | Books | |||||
| Dewey Decimal Classification | Non-fiction | Central Library, University of Rajshahi | Central Library, University of Rajshahi | 04/06/2016 | Author, Mathematics Dept., R.U. | 200.00 | B 523.2 BHS 2016 | 19/07/2016 | C-3 | Books | |||||
| Dewey Decimal Classification | Non-fiction | Central Library, University of Rajshahi | Central Library, University of Rajshahi | 05/06/2016 | Author, Mathematics Dept., R.U. | 200.00 | B 523.2 BHS 2016 | 19/07/2016 | C-4 | Books | |||||
| Dewey Decimal Classification | Non-fiction | Central Library, University of Rajshahi | Central Library, University of Rajshahi | 05/06/2016 | Author, Mathematics Dept., R.U. | 200.00 | B 523.2 BHS 2016 | 19/07/2016 | C-5 | Books |